Central Library OPAC University of Rajshahi
Normal view MARC view

Entry Personal Name

Number of records used in: 2

001 - CONTROL NUMBER

  • control field: 17361

003 - CONTROL NUMBER IDENTIFIER

  • control field: BD-RjUL

005 - DATE AND TIME OF LATEST TRANSACTION

  • control field: 20251120121400.0

008 - FIXED-LENGTH DATA ELEMENTS

  • fixed length control field: 251120|| aca||aabn | a|a d

040 ## - CATALOGING SOURCE

  • Original cataloging agency: BD-RjUL
  • Transcribing agency: BD-RjUL

100 ## - HEADING--PERSONAL NAME

  • Personal name: اوگانوى., ظفر;; Augnāvī., Z̤afar
  • Dates associated with a name: 1939

670 ## - SOURCE DATA FOUND

  • Source citation: Work cat.: (BD-RjUL)85978: اوگانوى., ظفر;; Augnāvī., Z̤afar 1939, Front cover image for غالب کا عظىم المرتبت شاگرد صفىر بلگرامى : حىات و کارنامے غالب کا عظىم المرتبت شاگرد صفىر بلگرامى : حىات و کارنامے / G̲h̲ālib kā ʻaẓīm al-martabat shāgird Ṣafīr Bilgirāmī : ḥayāt va kārnāme /, 1976